Relatório de atividades 1998 /

Informe de actividades de la Universidade do Vale do Rio dos Sinos (UNISINOS), institución de educación superior localizada en Sao Leopoldo, suburbio de Porto Alegre, correspondiente al año 1998. El documento comprende una revisión breve de la historia y la filosofía de esta institución encomendada...

Descrición completa

Gardado en:
Detalles Bibliográficos
Autor Corporativo: Universidade do Vale do Rio Dos Sinos. Rector (Bohnen)
Outros autores: Bohnen, Aloysio (autor) (autor)
Formato: Libro
Idioma:portugués
Temas:
Etiquetas: Engadir etiqueta
Sen Etiquetas, Sexa o primeiro en etiquetar este rexistro!

MARC

LEADER 00000nam^a2200000^a^4500
001 000104505
005 20250521000000.0
009 20260310093425.345
037 |a Acervo ITESO - Biblioteca 
041 |a POR 
082 |a 378. 81652  |b UNI UNISINOS-ir 1998 
110 |a Universidade do Vale do Rio Dos Sinos.  |b Rector (Bohnen) 
240 1 1 |a [Informe de Rector] 
245 1 0 |a Relatório de atividades 1998 /  |c A. Bohnen. 
264 |a São Leopoldo, Brasil :  |b UNISINOS  |c 1998 
300 |a 398 p. 
336 |a texto  |b txt  |2 rdacontenido 
337 |a sin mediación  |b n  |2 rdamedio 
338 |a volumen  |b nc  |2 rdasoporte 
520 |a Informe de actividades de la Universidade do Vale do Rio dos Sinos (UNISINOS), institución de educación superior localizada en Sao Leopoldo, suburbio de Porto Alegre, correspondiente al año 1998. El documento comprende una revisión breve de la historia y la filosofía de esta institución encomendada a la Compañía de Jesús, así como datos generales sobre la universidad, su administración, enseñanza, producción científica, extensión universitaria, actividades, nuevos edificios y programas. 
610 |a Universidade do Vale do Rio Dos Sinos 
649 |a XX 
650 |a Informes Escolares 
650 |a Rectores 
650 |a Autoridades Escolares 
650 |a Administración Educativa 
650 |a Jesuitas en la Educación 
650 |a Iglesia y Educación 
650 |a Universidades -  |z Porto Alegre, Brasil 
650 |a Universidades -  |z Rio Grande do Sul, Brasil 
650 |a Universidades -  |x Estadísticas 
650 |a Instituciones Educativas -  |z Porto Alegre, Brasil 
650 |a Instituciones Educativas -  |z Rio Grande do Sul, Brasil 
650 |a Instituciones Educativas -  |x Estadísticas 
650 |a Educación Superior -  |z Porto Alegre, Brasil 
650 |a Educación Superior -  |z Rio Grande do Sul, Brasil 
650 |a Anuarios 
700 |a Bohnen, Aloysio  |e (autor) 
910 |a Fondo General 
920 |a Impresos - Libros 
930 |a Obras de Referencia 
905 |a 102 
901 |a 0500039449  |b IT2  |c REF  |u 20250521 
902 |a https://opac.biblio.iteso.mx/vufind/Record/000104505